<The> Intergenerational Digital Gap with Regard to Silver Workers
Identifikácia digitálnej priepasti medzi staršími a mladými pracovníkmi. Medzinárodné porovnanie digitálnej gramotnosti strieborných pracovníkov.
Salvato in:
| Autore principale: | |
|---|---|
| Natura: | Capitolo di libro |
| Lingua: | inglese |
| Soggetti: | |
| Tags: |
Nessun Tag, puoi essere il primo ad aggiungerne!!
|
MARC
| LEADER | 00000naa a2200000 4500 | ||
|---|---|---|---|
| 001 | 0272172 | ||
| 005 | 20250721120903.0 | ||
| 041 | 0 | |a eng | |
| 044 | |a SK | ||
| 245 | 1 | 0 | |a <The> Intergenerational Digital Gap with Regard to Silver Workers |c Martina Porubčinová |
| 520 | |a Identifikácia digitálnej priepasti medzi staršími a mladými pracovníkmi. Medzinárodné porovnanie digitálnej gramotnosti strieborných pracovníkov. | ||
| 610 | 2 | 0 | |a ekonomika strieborná |
| 610 | 2 | 0 | |a generácie |
| 610 | 2 | 0 | |a gramotnosť digitálna |
| 610 | 2 | 0 | |a internet |
| 610 | 2 | 0 | |a priepasť digitálna |
| 610 | 2 | 0 | |a porovnanie štatistické medzinárodné |
| 100 | 1 | |a Porubčinová, Martina | |